000 00732nam a2200229Ia 4500
003 GCL
005 20240530102539.0
008 140319s9999 xx 000 0 ara d
040 _aGCL /
_cGCL
082 0 4 _a667.1
_bأ س
100 1 _aاحمد فؤاد النجعاوى
245 1 0 _aالسجاد والموكيت: تنظيف - صيانة - ازالة البقع /
_cاحمد فؤاد النجعاوى
260 _aالقاهرة :
_bمنشاة المعارف الاسلامية ،
_c1989
300 _a275 ص ؛
_c24سم
650 0 4 _aالسجاجيد
650 0 4 _aالتنظيف
650 0 4 _aالصباغة
650 0 4 _aالمفروشات
650 0 4 _aالموكيت
650 0 4 _aميكنة
942 _2ddc
_cBK
999 _c32953
_d32953